Welcome to the Holygrace Academy Library

Please use search bar below to get started

EARLY DISCOVERY (Record no. 237)

MARC details
000 -LEADER
fixed length control field 00392nam a22001457a 4500
020 ## - INTERNATIONAL STANDARD BOOK NUMBER
ISBN 9788181312570
082 ## - DEWEY DECIMAL CLASSIFICATION NUMBER
Classification number 823
Item number BRI/T
100 ## - MAIN ENTRY--AUTHOR NAME
Personal name BRITANNICA
245 ## - TITLE STATEMENT
Title EARLY DISCOVERY
Remainder of title TIME
260 ## - PUBLICATION, DISTRIBUTION, ETC. (IMPRINT)
Place of publication UNITED KINGDOM
Name of publisher ENCYCLOPEDIA BRITANNICA
Year of publication 2012
300 ## - PHYSICAL DESCRIPTION
Number of Pages 31
520 ## - SUMMARY, ETC.
Summary, etc LEARN ABOUT TELLING TIME, NEW WORDS, PLAY TIME - TELLING GAME
650 ## - SUBJECT ADDED ENTRY--TOPICAL TERM
Topical Term LEARN ABOUT TELLING TIME
942 ## - ADDED ENTRY ELEMENTS (KOHA)
Koha item type Books
Holdings
Withdrawn status Lost status Collection code Home library Current library Shelving location Date acquired Full call number Accession Number Koha item type
    Non-fiction Main Library Main Library SHELF-12E-EARLY DISCOVERY,MAGIC PLACE 25/04/2013 823 BRI/T 07351 Books